Viacstupňové dopravné úlohy

Na minha lista:
Detalhes bibliográficos
Autor principal: Brezina, Ivan, 1963-
Formato: Livro
Idioma:eslovaco
Publicado em: Bratislava Katedra operačného výskumu a ekonometrie FHI EU 1999
Assuntos:
Tags: Adicionar Tag
Sem tags, seja o primeiro a adicionar uma tag!

MARC

LEADER 00000nam$a2200000$$$4500
001 0100697
005 20240502072112.5
041 0 |a slo 
044 |a SK 
245 1 0 |a Viacstupňové dopravné úlohy  |c Ivan Brezina 
264 1 |a Bratislava  |b Katedra operačného výskumu a ekonometrie FHI EU  |c 1999 
610 2 0 |a úlohy dopravné 
610 2 0 |a výskum operačný 
610 2 0 |a metódy matematické 
610 2 0 |a ekonómia matematická 
100 1 |a Brezina, Ivan, 1963-